| 000 | 01318cab a22002175a 4500 | ||
|---|---|---|---|
| 001 | L149337 | ||
| 008 | 090821e20100609xxk 000 0 eng d | ||
| 035 | _a(Sirsi) u149337 | ||
| 041 | 0 | _aeng | |
| 100 | 1 | _aEdwards, Stan | |
| 245 | 0 | 4 |
_aThe march of public interest _h[electronic resource] |
| 260 | _c2010 | ||
| 490 |
_aLand Journal _vFebruary-March 2010, 12-13,19 (3) |
||
| 520 | _aThe Local Democracy, Economic Development and Construction Act, 2009 (LDEDC Act) has redefined the concept of community involvement and public interest has gradually been redefined by statutes and circulars. It proposes to extend the "duty to involve" to additional agencies and bodies across England. The duty has applied mainly to local authorities so far, but the Act requires named bodies to take appropriate steps to involve people in decisions, policies and services that might affect them or be of interest to them. | ||
| 590 | _aKA | ||
| 650 | 2 | 4 | _aLOCAL DEMOCRACY, ECONOMIC DEVELOPMENT AND CONSTRUCTION ACT 2009 |
| 651 | 4 |
_aUnited Kingdom _y |
|
| 690 | _aENVIRONMENTAL AND LAND CONSULTANCY-PLANNING AND DEVELOPMENT-PLANNING GUIDANCE-LOCAL DEVELOPMENT PLANS | ||
| 856 | 4 | 8 |
_uhttps://www.rics.org/site/download_feed.aspx?fileID=5761&fileExtension=PDF _zView this item (member-only access) at www.rics.org |
| 942 | _n0 | ||
| 999 |
_c82140 _d82140 |
||